Catalog

Record Details

Catalog Search



Available copies

  • 2 of 2 copies available at LARL/NWRL Consortium.
  • 2 of 2 copies available at Lake Agassiz Regional Library. (Show preferred library)

Current holds

0 current holds with 2 total copies.

Show Only Available Copies
Location Call Number / Copy Notes Barcode Shelving Location Status Due Date
Bagley Public Library C DYL (Text) 33500013418520 Main Available -
Detroit Lakes Public Library C DYL (Text) 33500013418512 Main Available -

Record details

  • ISBN: 9780764234323
  • ISBN: 0764234323
  • ISBN: 9780764239236
  • ISBN: 0764239236
  • Physical Description: 296 pages ; 22 cm.
  • Publisher: Minneapolis, Minnesota : Bethany House, a division of Baker Publishing Group, [2021]

Content descriptions

General Note:
Sequel to: Backlash.
Summary, etc.:
"Recruited to join an FBI task force after ... Read More
Subject: United States. Federal Bureau of Investigation > Fiction.
Secrecy > Fiction.
Conspiracies > Fiction.
Washington (D.C.) > Fiction.
United States. Federal Bureau of Investigation.
Secrecy.
Genre: Christian fiction.
Fiction.
Romance fiction.
Thrillers (Fiction)
Romantic suspense fiction.
Thrillers (Fiction)
Christian fiction.
Romance fiction.
LDR 02516cam a22006018i 4500
001361813
003LARL_NWRL_CONSORTIUM
00520210708145539.0
008201123t20212021mnu 000 1 eng
010 . ‡a 2020053194
040 . ‡aDLC ‡beng ‡erda ‡cDLC ‡dYDX ‡dBDX ‡dLE@ ‡dOCLCO ‡dOCLCF ‡dILC ‡dOCLCO ‡dIHX ‡dOCLCO
020 . ‡a9780764234323 ‡q(paperback)
020 . ‡a0764234323 ‡q(paperback)
020 . ‡a9780764239236 ‡q(hardback)
020 . ‡a0764239236 ‡q(hardback)
020 . ‡z9781493431571 ‡q(ebook)
035 . ‡a(OCoLC)1203962600
042 . ‡apcc
043 . ‡an-us--- ‡an-us-dc
08200. ‡a813/.6 ‡223
1001 . ‡aDylan, Rachel, ‡eauthor. ‡0(LARL_NWRL_CONSORTIUM)222193
24510. ‡aPower play / ‡cRachel Dylan.
264 1. ‡aMinneapolis, Minnesota : ‡bBethany House, a division of Baker Publishing Group, ‡c[2021]
264 4. ‡c©2021
300 . ‡a296 pages ; ‡c22 cm.
336 . ‡atext ‡btxt ‡2rdacontent
337 . ‡aunmediated ‡bn ‡2rdamedia
338 . ‡avolume ‡bnc ‡2rdacarrier
4900 . ‡aCapital intrigue ; ‡v3
500 . ‡aSequel to: Backlash.
520 . ‡a"Recruited to join an FBI task force after witnessing an attack, Vivian Steele finds her by-the-book ways clashing with Diplomatic Security Agent Jacob Cruz. When Vivian's past comes back to haunt her, and secrets hidden by the government thrust her into a web of danger, can she accept Jacob's reckless ways as exactly what she needs to stay alive?"-- ‡cProvided by publisher.
61010. ‡aUnited States. ‡bFederal Bureau of Investigation ‡vFiction.
650 0. ‡aSecrecy ‡vFiction. ‡0(LARL_NWRL_CONSORTIUM)167261
650 0. ‡aConspiracies ‡vFiction. ‡0(LARL_NWRL_CONSORTIUM)164235
651 0. ‡aWashington (D.C.) ‡vFiction. ‡0(LARL_NWRL_CONSORTIUM)167959
61017. ‡aUnited States. ‡bFederal Bureau of Investigation. ‡2fast ‡0(LARL_NWRL_CONSORTIUM)1673
650 7. ‡aSecrecy. ‡2fast ‡0(LARL_NWRL_CONSORTIUM)30543
655 7. ‡aChristian fiction. ‡2fast
655 7. ‡aFiction. ‡2fast
655 7. ‡aRomance fiction. ‡2fast
655 7. ‡aThrillers (Fiction) ‡2fast
655 7. ‡aRomantic suspense fiction. ‡2gsafd
655 7. ‡aThrillers (Fiction) ‡2lcgft
655 7. ‡aChristian fiction. ‡2lcgft
655 7. ‡aRomance fiction. ‡2lcgft
901 . ‡a361813 ‡bOCoLC ‡c361813 ‡tbiblio ‡soclc

Additional Resources